Big practical guide to computer simulations / (Record no. 23485)
[ view plain ]
| 000 -LEADER | |
|---|---|
| fixed length control field | 01168cam a22002775a 4500 |
| 001 - CONTROL NUMBER | |
| control field | 18719401 |
| 005 - DATE AND TIME OF LATEST TRANSACTION | |
| control field | 20161207104905.0 |
| 008 - FIXED-LENGTH DATA ELEMENTS--GENERAL INFORMATION | |
| fixed length control field | 150728t2015 si a frb 001 0 eng d |
| 020 ## - INTERNATIONAL STANDARD BOOK NUMBER | |
| International Standard Book Number | 9789814571777 |
| 040 ## - CATALOGING SOURCE | |
| Original cataloging agency | UKMGB |
| Language of cataloging | eng |
| Transcribing agency | UKMGB |
| Modifying agency | OCLCO |
| -- | YDXCP |
| -- | OCLCF |
| -- | CDX |
| -- | DRB |
| -- | TXI |
| -- | SINLB |
| -- | DLC |
| -- | EG-ScBUE |
| 082 04 - DEWEY DECIMAL CLASSIFICATION NUMBER | |
| Classification number | 003.3 |
| Edition number | 22 |
| Item number | HAR |
| 100 1# - MAIN ENTRY--PERSONAL NAME | |
| Personal name | Hartmann, Alexander K. |
| 245 10 - TITLE STATEMENT | |
| Title | Big practical guide to computer simulations / |
| Statement of responsibility, etc | Alexander K. Hartmann. |
| 250 ## - EDITION STATEMENT | |
| Edition statement | 2nd ed. |
| 260 ## - PUBLICATION, DISTRIBUTION, ETC. (IMPRINT) | |
| Place of publication, distribution, etc | Singapore : |
| Name of publisher, distributor, etc | World Scientific Publishing Co. Pte. Ltd., |
| Date of publication, distribution, etc | c.2015. |
| 300 ## - PHYSICAL DESCRIPTION | |
| Extent | xx, 462 p. : |
| Other physical details | ill. ; |
| Dimensions | 24 cm. |
| 500 ## - GENERAL NOTE | |
| General note | Index : p. 451-462. |
| 504 ## - BIBLIOGRAPHY, ETC. NOTE | |
| Bibliography, etc | Bibliography : p. 445-449. |
| 505 0# - FORMATTED CONTENTS NOTE | |
| Formatted contents note | Programming in C -- Scripts -- Software engineering -- Debugging and testing -- Object-oriented software development -- Algorithms and data structures -- Libraries -- Randomness and statistics -- Information retrieval, publishing and presentations. |
| 650 #7 - SUBJECT ADDED ENTRY--TOPICAL TERM | |
| Topical term or geographic name as entry element | Computer simulation. |
| Source of heading or term | BUEsh |
| 9 (RLIN) | 5817 |
| 650 #7 - SUBJECT ADDED ENTRY--TOPICAL TERM | |
| Topical term or geographic name as entry element | C (Computer program language) |
| Source of heading or term | BUEsh |
| 9 (RLIN) | 3405 |
| 650 #7 - SUBJECT ADDED ENTRY--TOPICAL TERM | |
| Topical term or geographic name as entry element | Algorithms. |
| Source of heading or term | BUEsh |
| 9 (RLIN) | 13108 |
| 651 ## - SUBJECT ADDED ENTRY--GEOGRAPHIC NAME | |
| Source of heading or term | BUEsh |
| 653 ## - INDEX TERM--UNCONTROLLED | |
| Resource For college | Engineering, General |
| -- | Informatics and Computer Science |
| Arrived date list | December2016 |
| 942 ## - ADDED ENTRY ELEMENTS (KOHA) | |
| Source of classification or shelving scheme | Dewey Decimal Classification |
| Withdrawn status | Item status | Source of classification or shelving scheme | Damaged status | Not for loan | Vendor | Home library | Current library | Shelving location | Date acquired | Source of acquisition | Cost, normal purchase price | Serial Enumeration / chronology | Total Checkouts | Full call number | Barcode | Date last seen | Cost, replacement price | Koha item type |
|---|---|---|---|---|---|---|---|---|---|---|---|---|---|---|---|---|---|---|
| Dewey Decimal Classification | Alahram | Central Library | Central Library | Lower Floor | 07/12/2016 | Purchase | 533.00 | 115 | 003.3 HAR | 000040319 | 15/07/2025 | 666.25 | Book - Borrowing |